Implementation of Digital Transformation Processes as a Challenge for Universities

Preskúmanie, či podniky (spoločnosti) implementujú digitálne transformačné procesy a ako vnímajú stupeň digitálnej transformácie vo svojej spoločnosti a poukázanie z pohľadu spoločností, zapojených do prieskumu, aká infraštruktúra kedy najčastejšie chýba pri zavádzaní procesov digitálnej transformác...

Ausführliche Beschreibung

Gespeichert in:
Bibliographische Detailangaben
1. Verfasser: Freňáková, Magdaléna, 1981-
Weitere Verfasser: Hvastová, Jozefína, 1969-, Hičák, Štefan, 1983-
Format: Buchkapitel
Sprache:Englisch
Schlagworte:
Tags: Tag hinzufügen
Keine Tags, Fügen Sie das erste Tag hinzu!

MARC

LEADER 00000naa$a2200000$$$4500
001 0305269
005 20241127101357.9
041 0 |a eng 
044 |a SK 
245 1 0 |a Implementation of Digital Transformation Processes as a Challenge for Universities  |c Magdaléna Freňáková, Jozefína Hvastová, Štefan Hičák 
520 |a Preskúmanie, či podniky (spoločnosti) implementujú digitálne transformačné procesy a ako vnímajú stupeň digitálnej transformácie vo svojej spoločnosti a poukázanie z pohľadu spoločností, zapojených do prieskumu, aká infraštruktúra kedy najčastejšie chýba pri zavádzaní procesov digitálnej transformácie a ako by univerzity mohli pomôcť firmám v procese digitálnej transformácie. 
610 2 0 |a priemysel 4.0 
610 2 0 |a transformácia digitálna 
610 2 0 |a podnik 
610 2 0 |a podnik výrobný 
610 2 0 |a vzdelanie vysokoškolské 
610 2 0 |a implementácia 
100 1 |a Freňáková, Magdaléna, 1981- 
700 1 |a Hvastová, Jozefína, 1969- 
700 1 |a Hičák, Štefan, 1983-